[Event "European Online Club-ch-C 2021"]
[Site "Online"]
[Date "2021.03.27"]
[Round "3.20"]
[White "Lahoche, Dorian"]
[Black "Marn, Jan"]
[Result "0-1"]
[WhiteElo "2124"]
[BlackElo "2346"]
[Annotator "NA"]
[PlyCount "64"]
[EventDate "2021.03.27"]
[EventType "team-tourn"]
[EventCountry "NET"]
[SourceTitle "playchess.com"]
[Source "ChessBase"]
[SourceQuality "1"]
[TimeControl "900+5"]

1. e4 {[%emt 0:00:00]} e5 {[%emt 0:00:02]} 2. Nf3 {[%emt 0:00:04]} Nc6 {[%emt 0:00:02]} 3. Bc4 {[%emt 0:00:01]} Bc5 {[%emt 0:00:04]} 4. c3 {[%emt 0:00:01]} Nf6 {[%emt 0:00:02]} 5. d3 {[%emt 0:00:04]} a5 {[%emt 0:00:05]} 6. a4 {[%emt 0:00:05]} d6 {[%emt 0:00:10]} 7. Nbd2 {[%emt 0:00:30]} O-O {[%emt 0:00:25]} 8. O-O {[%emt 0:00:04]} Ba7 {[%emt 0:00:14]} 9. Re1 {[%emt 0:00:17]} Ng4 {[%emt 0:00:35]} 10. Re2 {[%emt 0:00:11]} Kh8 {[%emt 0:00:02]} 11. h3 {[%emt 0:00:15]} f5 {[%emt 0:02:37]} 12. exf5 {[%emt 0:02:51]} Nxf2 {[%emt 0:00:05]} 13. Rxf2 {[%emt 0:00:09]} Bxf2+ {[%emt 0:00:02]} 14. Kxf2 {[%emt 0:00:03]} Bxf5 {[%emt 0:00:02]} 15. Nf1 {[%emt 0:01:02]} d5 {[%emt 0:00:11]} 16. Bb5 {[%emt 0:00:34]} e4 {[%emt 0:00:02]} 17. dxe4 {[%emt 0:01:18]} dxe4 {[%emt 0:00:24]} 18. Qxd8 {[%emt 0:00:11]} Raxd8 {[%emt 0:00:00]} 19. Bxc6 {[%emt 0:01:50]} bxc6 {[%emt 0:00:00]} 20. Nd4 {[%emt 0:00:03]} Bxh3+ {[%emt 0:02:46]} 21. Kg1 {[%emt 0:01:08]} c5 {[%emt 0:00:51]} 22. gxh3 {[%emt 0:00:27]} cxd4 {[%emt 0:00:06]} 23. cxd4 {[%emt 0:00:04]} Rxd4 {[%emt 0:00:02]} 24. Be3 {[%emt 0:00:37]} Rd3 {[%emt 0:00:32]} 25. Rc1 {[%emt 0:00:56]} h6 {[%emt 0:00:40]} 26. Kg2 {[%emt 0:02:38]} Rxf1 {[%emt 0:00:19]} 27. Kxf1 {[%emt 0:00:06]} Rxe3 {[%emt 0:00:02]} 28. Rxc7 {[%emt 0:00:01]} Rxh3 {[%emt 0:00:14]} 29. Ra7 {[%emt 0:00:27]} Rb3 {[%emt 0:00:30]} 30. Rxa5 {[%emt 0:00:15]} Rxb2 {[%emt 0:00:01]} 31. Re5 {[%emt 0:00:02]} Rb4 {[%emt 0:00:02]} 32. Ke2 {[%emt 0:00:09]} Rxa4 {[%emt 0:00:02]} 0-1

[Event "European Online Club-ch-C 2021"]
[Site "Online"]
[Date "2021.03.27"]
[Round "4.1"]
[White "Sahin, Ozgun"]
[Black "Le Goff, Ronan"]
[Result "1/2-1/2"]
[WhiteElo "2281"]
[BlackElo "2288"]
[Annotator "NA"]
[PlyCount "70"]
[EventDate "2021.03.27"]
[EventType "team-tourn"]
[EventCountry "NET"]
[SourceTitle "playchess.com"]
[Source "ChessBase"]
[SourceQuality "1"]
[TimeControl "900+5"]

1. e4 {[%emt 0:00:00]} e5 {[%emt 0:00:10]} 2. Nf3 {[%emt 0:00:03]} Nc6 {[%emt 0:00:02]} 3. d4 {[%emt 0:00:02]} exd4 {[%emt 0:00:02]} 4. Nxd4 {[%emt 0:00:01]} Qf6 {[%emt 0:00:32]} 5. Nb5 {[%emt 0:00:32]} Bc5 {[%emt 0:00:20]} 6. Qe2 {[%emt 0:00:10]} Qd8 {[%emt 0:02:49]} 7. Be3 {[%emt 0:00:25]} Bxe3 {[%emt 0:00:12]} 8. Qxe3 {[%emt 0:00:03]} a6 {[%emt 0:00:06]} 9. N5c3 {[%emt 0:00:03]} Nge7 {[%emt 0:00:14]} 10. Nd5 {[%emt 0:00:05]} O-O {[%emt 0:00:54]} 11. Nbc3 {[%emt 0:00:04]} Nxd5 {[%emt 0:00:55]} 12. Nxd5 {[%emt 0:00:03]} Ne7 {[%emt 0:00:16]} 13. O-O-O {[%emt 0:00:41]} Nxd5 {[%emt 0:00:10]} 14. Rxd5 {[%emt 0:00:03]} d6 {[%emt 0:00:04]} 15. e5 {[%emt 0:00:13]} Be6 {[%emt 0:00:05]} 16. Rd4 {[%emt 0:00:44]} d5 {[%emt 0:00:09]} 17. Rd2 {[%emt 0:01:05]} Qe7 {[%emt 0:00:26]} 18. f4 {[%emt 0:00:14]} c5 {[%emt 0:00:43]} 19. f5 {[%emt 0:00:06]} Bxf5 {[%emt 0:00:07]} 20. Rxd5 {[%emt 0:00:04]} Rac8 {[%emt 0:00:13]} 21. a3 {[%emt 0:01:34]} c4 {[%emt 0:00:35]} 22. Qc3 {[%emt 0:01:29]} b5 {[%emt 0:00:17]} 23. Be2 {[%emt 0:00:20]} Qg5+ {[%emt 0:01:12]} 24. Rd2 {[%emt 0:01:12]} a5 {[%emt 0:01:06]} 25. g4 {[%emt 0:01:29]} b4 {[%emt 0:01:15]} 26. axb4 {[%emt 0:00:06]} axb4 {[%emt 0:00:02]} 27. Qxb4 {[%emt 0:00:07]} c3 {[%emt 0:00:03]} 28. bxc3 {[%emt 0:00:03]} Rb8 {[%emt 0:00:08]} 29. h4 {[%emt 0:00:59]} Qh6 {[%emt 0:00:58]} 30. Qd6 {[%emt 0:00:24]} Be6 {[%emt 0:00:24]} 31. g5 {[%emt 0:00:17]} Qg6 {[%emt 0:00:03]} 32. Bd3 {[%emt 0:00:20]} Qh5 {[%emt 0:01:05]} 33. Be2 {[%emt 0:00:18]} Qg6 {[%emt 0:00:57]} 34. Bd3 {[%emt 0:00:23]} Qh5 {[%emt 0:00:24]} 35. Be2 {[%emt 0:00:03]} Qg6 {[%emt 0:00:03]} 1/2-1/2

[Event "European Online Club-ch-C 2021"]
[Site "Online"]
[Date "2021.03.27"]
[Round "4.2"]
[White "Bouget, Alexandre"]
[Black "Gallevci, Yagiz"]
[Result "1-0"]
[WhiteElo "2247"]
[BlackElo "2069"]
[Annotator "NA"]
[PlyCount "73"]
[EventDate "2021.03.27"]
[EventType "team-tourn"]
[EventCountry "NET"]
[SourceTitle "playchess.com"]
[Source "ChessBase"]
[SourceQuality "1"]
[TimeControl "900+5"]

1. d4 {[%emt 0:00:00]} d5 {[%emt 0:00:02]} 2. c4 {[%emt 0:00:03]} c6 {[%emt 0:00:01]} 3. Nc3 {[%emt 0:00:02]} Nf6 {[%emt 0:00:01]} 4. Nf3 {[%emt 0:00:01]} dxc4 {[%emt 0:00:12]} 5. a4 {[%emt 0:00:09]} Bf5 {[%emt 0:00:03]} 6. Ne5 {[%emt 0:00:10]} Nbd7 {[%emt 0:00:02]} 7. Nxc4 {[%emt 0:00:03]} Nb6 {[%emt 0:00:06]} 8. Ne5 {[%emt 0:00:02]} a5 {[%emt 0:00:01]} 9. f3 {[%emt 0:00:08]} Nfd7 {[%emt 0:00:06]} 10. Nxd7 {[%emt 0:00:04]} Nxd7 {[%emt 0:00:02]} 11. e4 {[%emt 0:00:01]} Bg6 {[%emt 0:00:06]} 12. Be3 {[%emt 0:00:01]} e5 {[%emt 0:00:02]} 13. Qb3 {[%emt 0:00:21]} Bb4 {[%emt 0:00:11]} 14. O-O-O {[%emt 0:00:28]} Qe7 {[%emt 0:01:34]} 15. h4 {[%emt 0:00:15]} f6 {[%emt 0:02:37]} 16. Bc4 {[%emt 0:00:13]} Bf7 {[%emt 0:01:12]} 17. Bxf7+ {[%emt 0:02:08]} Qxf7 {[%emt 0:00:00]} 18. Qxf7+ {[%emt 0:00:02]} Kxf7 {[%emt 0:00:00]} 19. dxe5 {[%emt 0:00:12]} Nxe5 {[%emt 0:00:00]} 20. Bb6 {[%emt 0:00:33]} Ke7 {[%emt 0:01:06]} 21. h5 {[%emt 0:00:31]} Nc4 {[%emt 0:00:13]} 22. Bd4 {[%emt 0:00:24]} Rad8 {[%emt 0:01:26]} 23. h6 {[%emt 0:00:09]} g6 {[%emt 0:00:03]} 24. f4 {[%emt 0:00:34]} Kf7 {[%emt 0:01:56]} 25. e5 {[%emt 0:00:49]} c5 {[%emt 0:01:25]} 26. Bf2 {[%emt 0:00:34]} fxe5 {[%emt 0:00:15]} 27. Ne4 {[%emt 0:00:57]} exf4 {[%emt 0:00:41]} 28. Bh4 {[%emt 0:00:03]} Rd4 {[%emt 0:01:06]} 29. Ng5+ {[%emt 0:00:21]} Ke8 {[%emt 0:00:26]} 30. Ne6 {[%emt 0:00:11]} Bd2+ {[%emt 0:00:49]} 31. Kb1 {[%emt 0:00:10]} Rd6 {[%emt 0:00:33]} 32. Nxc5 {[%emt 0:00:17]} Kf7 {[%emt 0:00:04]} 33. Ne4 {[%emt 0:00:09]} Rd7 {[%emt 0:00:22]} 34. b3 {[%emt 0:00:25]} Na3+ {[%emt 0:01:00]} 35. Kb2 {[%emt 0:00:20]} Bb4 {[%emt 0:00:01]} 36. Rxd7+ {[%emt 0:00:03]} Ke6 {[%emt 0:00:00]} 37. Rd8 {[%emt 0:01:33]} 1-0

[Event "European Online Club-ch-C 2021"]
[Site "Online"]
[Date "2021.03.27"]
[Round "4.3"]
[White "Yagiz, Bora"]
[Black "Lahoche, Dorian"]
[Result "1-0"]
[WhiteElo "1877"]
[BlackElo "2124"]
[Annotator "NA"]
[PlyCount "157"]
[EventDate "2021.03.27"]
[EventType "team-tourn"]
[EventCountry "NET"]
[SourceTitle "playchess.com"]
[Source "ChessBase"]
[SourceQuality "1"]
[TimeControl "900+5"]

1. e4 {[%emt 0:00:00]} e5 {[%emt 0:00:03]} 2. Nf3 {[%emt 0:00:04]} Nc6 {[%emt 0:00:02]} 3. Bb5 {[%emt 0:00:05]} a6 {[%emt 0:00:02]} 4. Bxc6 {[%emt 0:00:06]} dxc6 {[%emt 0:00:06]} 5. O-O {[%emt 0:00:09]} Bg4 {[%emt 0:00:51]} 6. h3 {[%emt 0:00:05]} h5 {[%emt 0:00:01]} 7. d3 {[%emt 0:00:11]} Qf6 {[%emt 0:01:06]} 8. Be3 {[%emt 0:00:05]} Bxf3 {[%emt 0:00:32]} 9. Qxf3 {[%emt 0:00:04]} Qxf3 {[%emt 0:00:03]} 10. gxf3 {[%emt 0:00:03]} Bd6 {[%emt 0:00:21]} 11. Nd2 {[%emt 0:00:07]} Ne7 {[%emt 0:00:43]} 12. Rfb1 {[%emt 0:02:02]} O-O-O {[%emt 0:02:43]} 13. Kf1 {[%emt 0:00:26]} Rhg8 {[%emt 0:00:34]} 14. Ke2 {[%emt 0:00:28]} c5 {[%emt 0:00:37]} 15. Rg1 {[%emt 0:00:45]} Nc6 {[%emt 0:00:51]} 16. c3 {[%emt 0:00:23]} Kd7 {[%emt 0:00:55]} 17. Rg2 {[%emt 0:01:46]} g6 {[%emt 0:00:12]} 18. Rag1 {[%emt 0:00:17]} Rde8 {[%emt 0:00:32]} 19. Nf1 {[%emt 0:01:19]} Nd8 {[%emt 0:00:26]} 20. Nd2 {[%emt 0:03:03]} Ne6 {[%emt 0:00:09]} 21. Nb3 {[%emt 0:01:37]} Kc8 {[%emt 0:01:27]} 22. a4 {[%emt 0:00:10]} Be7 {[%emt 0:00:30]} 23. Nd2 {[%emt 0:01:43]} Rd8 {[%emt 0:00:56]} 24. Nc4 {[%emt 0:00:22]} Bf6 {[%emt 0:00:23]} 25. a5 {[%emt 0:00:23]} Rd7 {[%emt 0:00:35]} 26. Rd1 {[%emt 0:00:30]} Rgd8 {[%emt 0:00:09]} 27. Rgg1 {[%emt 0:00:08]} Kb8 {[%emt 0:00:43]} 28. Rd2 {[%emt 0:00:03]} Ka7 {[%emt 0:00:12]} 29. b4 {[%emt 0:00:15]} b5 {[%emt 0:00:07]} 30. axb6+ {[%emt 0:00:27]} cxb6 {[%emt 0:00:00]} 31. bxc5 {[%emt 0:00:06]} bxc5 {[%emt 0:00:20]} 32. Ra1 {[%emt 0:00:07]} Rc8 {[%emt 0:00:18]} 33. Rda2 {[%emt 0:00:06]} Rc6 {[%emt 0:00:04]} 34. Na3 {[%emt 0:00:15]} Nc7 {[%emt 0:00:19]} 35. Nc4 {[%emt 0:00:01]} Nb5 {[%emt 0:00:04]} 36. Bd2 {[%emt 0:00:07]} Rb7 {[%emt 0:00:32]} 37. Ra5 {[%emt 0:00:01]} Re6 {[%emt 0:00:11]} 38. Rc1 {[%emt 0:00:11]} Bd8 {[%emt 0:00:03]} 39. Raa1 {[%emt 0:00:05]} Nd6 {[%emt 0:00:20]} 40. Ne3 {[%emt 0:00:06]} Rb2 {[%emt 0:00:10]} 41. Rc2 {[%emt 0:00:04]} Rxc2 {[%emt 0:00:03]} 42. Nxc2 {[%emt 0:00:01]} Nb5 {[%emt 0:00:04]} 43. Ne3 {[%emt 0:00:05]} Bg5 {[%emt 0:00:02]} 44. Nc4 {[%emt 0:00:06]} Bxd2 {[%emt 0:00:04]} 45. Kxd2 {[%emt 0:00:01]} Re7 {[%emt 0:00:07]} 46. Ra5 {[%emt 0:00:10]} g5 {[%emt 0:00:06]} 47. Ke3 {[%emt 0:00:04]} f6 {[%emt 0:00:06]} 48. Kd2 {[%emt 0:00:01]} Rd7 {[%emt 0:00:04]} 49. Ra1 {[%emt 0:00:04]} h4 {[%emt 0:00:04]} 50. Kc2 {[%emt 0:00:05]} Nd6 {[%emt 0:00:05]} 51. Ne3 {[%emt 0:00:02]} Nb5 {[%emt 0:00:05]} 52. Nd5 {[%emt 0:00:02]} Rd6 {[%emt 0:00:04]} 53. Ra5 {[%emt 0:00:07]} Kb7 {[%emt 0:00:04]} 54. Kd2 {[%emt 0:00:15]} Nc7 {[%emt 0:00:03]} 55. Ne3 {[%emt 0:00:08]} Ne6 {[%emt 0:00:04]} 56. Nd5 {[%emt 0:00:06]} Nf4 {[%emt 0:00:09]} 57. Nxf4 {[%emt 0:00:06]} gxf4 {[%emt 0:00:08]} 58. Rxc5 {[%emt 0:00:01]} Kb6 {[%emt 0:00:04]} 59. Rc4 {[%emt 0:00:01]} Rd7 {[%emt 0:00:03]} 60. d4 {[%emt 0:00:04]} a5 {[%emt 0:00:07]} 61. d5 {[%emt 0:00:11]} Rf7 {[%emt 0:00:07]} 62. Kc2 {[%emt 0:00:05]} f5 {[%emt 0:00:04]} 63. Kb3 {[%emt 0:00:04]} fxe4 {[%emt 0:00:02]} 64. fxe4 {[%emt 0:00:03]} Rg7 {[%emt 0:00:02]} 65. Rc6+ {[%emt 0:00:03]} Kb7 {[%emt 0:00:01]} 66. Rh6 {[%emt 0:00:02]} Rg2 {[%emt 0:00:03]} 67. Rxh4 {[%emt 0:00:03]} Rxf2 {[%emt 0:00:02]} 68. Rh5 {[%emt 0:00:10]} Rh2 {[%emt 0:00:17]} 69. Rxe5 {[%emt 0:00:12]} Rxh3 {[%emt 0:00:01]} 70. Rf5 {[%emt 0:00:01]} Rh4 {[%emt 0:00:11]} 71. e5 {[%emt 0:00:06]} Kc7 {[%emt 0:00:02]} 72. c4 {[%emt 0:00:05]} Rh3+ {[%emt 0:00:07]} 73. Ka4 {[%emt 0:00:03]} f3 {[%emt 0:00:10]} 74. Kxa5 {[%emt 0:00:03]} Rh4 {[%emt 0:00:08]} 75. Rf7+ {[%emt 0:00:05]} Kd8 {[%emt 0:00:02]} 76. Kb5 {[%emt 0:00:01]} Re4 {[%emt 0:00:04]} 77. e6 {[%emt 0:00:04]} Re3 {[%emt 0:00:02]} 78. Kc6 {[%emt 0:00:09]} Ke8 {[%emt 0:00:07]} 79. Kd6 {[%emt 0:00:06]} 1-0

[Event "European Online Club-ch-C 2021"]
[Site "Online"]
[Date "2021.03.27"]
[Round "4.4"]
[White "Lemasle, Raphael"]
[Black "Deveci, Huseyin Said"]
[Result "0-1"]
[WhiteElo "2067"]
[BlackElo "1521"]
[Annotator "NA"]
[PlyCount "96"]
[EventDate "2021.03.27"]
[EventType "team-tourn"]
[EventCountry "NET"]
[SourceTitle "playchess.com"]
[Source "ChessBase"]
[SourceQuality "1"]
[TimeControl "900+5"]

1. d4 {[%emt 0:00:00]} Nf6 {[%emt 0:00:03]} 2. Nf3 {[%emt 0:00:04]} d5 {[%emt 0:00:01]} 3. c4 {[%emt 0:00:03]} c6 {[%emt 0:00:03]} 4. Nbd2 {[%emt 0:00:03]} Bf5 {[%emt 0:00:05]} 5. Qb3 {[%emt 0:00:04]} Qc7 {[%emt 0:00:21]} 6. g3 {[%emt 0:00:27]} e6 {[%emt 0:00:05]} 7. Bg2 {[%emt 0:00:02]} Bd6 {[%emt 0:00:03]} 8. O-O {[%emt 0:00:06]} O-O {[%emt 0:00:03]} 9. c5 {[%emt 0:00:11]} Be7 {[%emt 0:00:03]} 10. Ne5 {[%emt 0:00:02]} Nbd7 {[%emt 0:00:11]} 11. Ndf3 {[%emt 0:00:05]} Nxe5 {[%emt 0:00:26]} 12. Nxe5 {[%emt 0:00:00]} Bxc5 {[%emt 0:01:23]} 13. dxc5 {[%emt 0:00:30]} Qxe5 {[%emt 0:00:04]} 14. Qxb7 {[%emt 0:00:08]} Qxe2 {[%emt 0:00:29]} 15. Qxc6 {[%emt 0:00:25]} Rac8 {[%emt 0:00:21]} 16. Qa4 {[%emt 0:01:17]} Rxc5 {[%emt 0:00:30]} 17. Qxa7 {[%emt 0:00:30]} Ne4 {[%emt 0:02:51]} 18. Be3 {[%emt 0:01:18]} Rc2 {[%emt 0:00:14]} 19. Rfe1 {[%emt 0:01:15]} Qh5 {[%emt 0:00:56]} 20. Qd4 {[%emt 0:01:11]} Nf6 {[%emt 0:02:51]} 21. Qd1 {[%emt 0:00:57]} Qxd1 {[%emt 0:00:57]} 22. Rexd1 {[%emt 0:00:05]} Rxb2 {[%emt 0:00:04]} 23. a4 {[%emt 0:00:16]} Ra8 {[%emt 0:00:15]} 24. a5 {[%emt 0:00:16]} Ne8 {[%emt 0:01:03]} 25. Rdc1 {[%emt 0:01:19]} Nd6 {[%emt 0:00:47]} 26. h3 {[%emt 0:00:18]} Bd3 {[%emt 0:00:30]} 27. Rc3 {[%emt 0:00:27]} Ba6 {[%emt 0:00:55]} 28. Rc6 {[%emt 0:01:42]} Nc4 {[%emt 0:00:37]} 29. Bf1 {[%emt 0:01:57]} Kf8 {[%emt 0:00:51]} 30. Bd4 {[%emt 0:00:37]} Rb3 {[%emt 0:00:18]} 31. Bc5+ {[%emt 0:00:21]} Ke8 {[%emt 0:00:04]} 32. Rc7 {[%emt 0:00:05]} Rb5 {[%emt 0:00:09]} 33. Re7+ {[%emt 0:00:32]} Kd8 {[%emt 0:00:02]} 34. Rxf7 {[%emt 0:00:04]} Rc8 {[%emt 0:00:07]} 35. Bd4 {[%emt 0:00:32]} g6 {[%emt 0:00:06]} 36. Ra7 {[%emt 0:00:17]} Rc6 {[%emt 0:00:03]} 37. Rxh7 {[%emt 0:00:05]} Rxa5 {[%emt 0:00:06]} 38. Rxa5 {[%emt 0:00:12]} Nxa5 {[%emt 0:00:02]} 39. Bxa6 {[%emt 0:00:08]} Rxa6 {[%emt 0:00:01]} 40. Rg7 {[%emt 0:00:12]} Nc6 {[%emt 0:00:05]} 41. Bf6+ {[%emt 0:00:03]} Ke8 {[%emt 0:00:03]} 42. h4 {[%emt 0:00:04]} d4 {[%emt 0:00:03]} 43. Rxg6 {[%emt 0:00:05]} Kf7 {[%emt 0:00:02]} 44. h5 {[%emt 0:00:03]} d3 {[%emt 0:00:04]} 45. Bc3 {[%emt 0:00:04]} Ra3 {[%emt 0:00:05]} 46. Rf6+ {[%emt 0:00:04]} Kg8 {[%emt 0:00:21]} 47. Bd2 {[%emt 0:00:21]} Nd4 {[%emt 0:00:03]} 48. Rf4 {[%emt 0:00:07]} Ne2+ {[%emt 0:00:02]} 0-1

[Event "European Online Club-ch-C 2021"]
[Site "Online"]
[Date "2021.03.27"]
[Round "4.5"]
[White "Braun, Christian"]
[Black "Markoja, Boris"]
[Result "0-1"]
[WhiteElo "2409"]
[BlackElo "2439"]
[Annotator "NA"]
[PlyCount "56"]
[EventDate "2021.03.27"]
[EventType "team-tourn"]
[EventCountry "NET"]
[SourceTitle "playchess.com"]
[Source "ChessBase"]
[SourceQuality "1"]
[TimeControl "900+5"]

1. e4 {[%emt 0:00:00]} e6 {[%emt 0:00:03]} 2. d3 {[%emt 0:00:03]} d5 {[%emt 0:00:02]} 3. Nd2 {[%emt 0:00:02]} c5 {[%emt 0:00:06]} 4. Ngf3 {[%emt 0:00:02]} Nc6 {[%emt 0:00:03]} 5. g3 {[%emt 0:00:02]} Bd6 {[%emt 0:00:04]} 6. Bg2 {[%emt 0:00:02]} Nge7 {[%emt 0:00:04]} 7. O-O {[%emt 0:00:03]} O-O {[%emt 0:00:04]} 8. Re1 {[%emt 0:00:02]} Qc7 {[%emt 0:00:18]} 9. Qe2 {[%emt 0:00:07]} f6 {[%emt 0:00:07]} 10. c3 {[%emt 0:00:08]} Bd7 {[%emt 0:00:16]} 11. a3 {[%emt 0:00:05]} d4 {[%emt 0:00:35]} 12. Nc4 {[%emt 0:01:36]} e5 {[%emt 0:00:09]} 13. cxd4 {[%emt 0:00:05]} cxd4 {[%emt 0:00:04]} 14. b4 {[%emt 0:00:10]} b5 {[%emt 0:00:18]} 15. Nxd6 {[%emt 0:01:24]} Qxd6 {[%emt 0:00:03]} 16. Nd2 {[%emt 0:01:09]} Be6 {[%emt 0:01:27]} 17. Rb1 {[%emt 0:00:58]} a5 {[%emt 0:00:21]} 18. bxa5 {[%emt 0:00:04]} Rxa5 {[%emt 0:00:02]} 19. Nb3 {[%emt 0:00:02]} Ra7 {[%emt 0:00:15]} 20. f4 {[%emt 0:00:11]} b4 {[%emt 0:00:28]} 21. axb4 {[%emt 0:00:24]} Nxb4 {[%emt 0:00:02]} 22. Bd2 {[%emt 0:00:22]} Nec6 {[%emt 0:00:26]} 23. Rec1 {[%emt 0:01:09]} Na2 {[%emt 0:00:51]} 24. Rc5 {[%emt 0:05:29]} Bxb3 {[%emt 0:00:20]} 25. Rxc6 {[%emt 0:00:03]} Qxc6 {[%emt 0:00:03]} 26. Rxb3 {[%emt 0:00:01]} Nc1 {[%emt 0:00:06]} 27. Bxc1 {[%emt 0:00:16]} Qxc1+ {[%emt 0:00:01]} 28. Bf1 {[%emt 0:00:01]} exf4 {[%emt 0:00:14]} 0-1

[Event "European Online Club-ch-C 2021"]
[Site "Online"]
[Date "2021.03.27"]
[Round "4.6"]
[White "Subelj, Jan"]
[Black "Lenaerts, Lennert"]
[Result "1-0"]
[WhiteElo "2418"]
[BlackElo "2357"]
[Annotator "NA"]
[PlyCount "59"]
[EventDate "2021.03.27"]
[EventType "team-tourn"]
[EventCountry "NET"]
[SourceTitle "playchess.com"]
[Source "ChessBase"]
[SourceQuality "1"]
[TimeControl "900+5"]

1. e4 {[%emt 0:00:00]} e5 {[%emt 0:00:04]} 2. Nf3 {[%emt 0:00:02]} Nc6 {[%emt 0:00:02]} 3. Bb5 {[%emt 0:00:12]} a6 {[%emt 0:00:03]} 4. Ba4 {[%emt 0:00:02]} Nf6 {[%emt 0:00:02]} 5. O-O {[%emt 0:00:02]} Be7 {[%emt 0:00:02]} 6. d3 {[%emt 0:00:21]} b5 {[%emt 0:00:07]} 7. Bb3 {[%emt 0:00:03]} d6 {[%emt 0:00:07]} 8. a3 {[%emt 0:00:03]} Be6 {[%emt 0:01:26]} 9. Bxe6 {[%emt 0:01:15]} fxe6 {[%emt 0:00:03]} 10. c3 {[%emt 0:00:06]} O-O {[%emt 0:00:08]} 11. a4 {[%emt 0:00:04]} d5 {[%emt 0:00:18]} 12. Nbd2 {[%emt 0:00:05]} Bc5 {[%emt 0:00:19]} 13. Qe2 {[%emt 0:00:21]} Qd6 {[%emt 0:00:17]} 14. axb5 {[%emt 0:00:40]} axb5 {[%emt 0:00:02]} 15. Rxa8 {[%emt 0:00:04]} Rxa8 {[%emt 0:00:02]} 16. d4 {[%emt 0:00:02]} Bb6 {[%emt 0:00:23]} 17. exd5 {[%emt 0:00:04]} Qxd5 {[%emt 0:00:09]} 18. Nxe5 {[%emt 0:00:11]} Nxe5 {[%emt 0:00:05]} 19. dxe5 {[%emt 0:00:06]} Nd7 {[%emt 0:00:04]} 20. Nf3 {[%emt 0:00:02]} Ra1 {[%emt 0:00:15]} 21. h4 {[%emt 0:00:32]} c6 {[%emt 0:02:46]} 22. Rd1 {[%emt 0:00:16]} Qc4 {[%emt 0:00:06]} 23. Qc2 {[%emt 0:00:23]} Nc5 {[%emt 0:00:43]} 24. Be3 {[%emt 0:01:02]} Qe4 {[%emt 0:01:31]} 25. Qe2 {[%emt 0:00:04]} Ra8 {[%emt 0:00:03]} 26. Ng5 {[%emt 0:02:09]} Qxe5 {[%emt 0:01:40]} 27. Qh5 {[%emt 0:00:41]} h6 {[%emt 0:01:27]} 28. Qf7+ {[%emt 0:00:04]} Kh8 {[%emt 0:00:02]} 29. Bd4 {[%emt 0:00:02]} Qc7 {[%emt 0:00:20]} 30. Bxg7# {[%emt 0:00:04]} 1-0

[Event "European Online Club-ch-C 2021"]
[Site "Online"]
[Date "2021.03.27"]
[Round "4.7"]
[White "Van Meegen, Ruud"]
[Black "Skuhala, Jernej"]
[Result "1/2-1/2"]
[WhiteElo "2295"]
[BlackElo "2351"]
[Annotator "NA"]
[PlyCount "79"]
[EventDate "2021.03.27"]
[EventType "team-tourn"]
[EventCountry "NET"]
[SourceTitle "playchess.com"]
[Source "ChessBase"]
[SourceQuality "1"]
[TimeControl "900+5"]

1. d4 {[%emt 0:00:00]} Nf6 {[%emt 0:00:03]} 2. c4 {[%emt 0:00:03]} e6 {[%emt 0:00:02]} 3. Nf3 {[%emt 0:00:01]} d5 {[%emt 0:00:06]} 4. Nc3 {[%emt 0:00:04]} Bb4 {[%emt 0:00:02]} 5. Bg5 {[%emt 0:00:10]} h6 {[%emt 0:00:02]} 6. Bxf6 {[%emt 0:00:02]} Qxf6 {[%emt 0:00:01]} 7. Qa4+ {[%emt 0:00:02]} Nc6 {[%emt 0:00:03]} 8. e3 {[%emt 0:00:04]} Bd7 {[%emt 0:00:04]} 9. Qc2 {[%emt 0:00:28]} O-O {[%emt 0:00:03]} 10. a3 {[%emt 0:01:22]} Bxc3+ {[%emt 0:00:06]} 11. Qxc3 {[%emt 0:00:00]} Rfd8 {[%emt 0:01:08]} 12. cxd5 {[%emt 0:00:25]} exd5 {[%emt 0:00:02]} 13. Be2 {[%emt 0:00:02]} Qd6 {[%emt 0:00:05]} 14. Rc1 {[%emt 0:01:04]} Rac8 {[%emt 0:00:03]} 15. O-O {[%emt 0:00:08]} Ne7 {[%emt 0:00:03]} 16. Qc5 {[%emt 0:00:27]} Qxc5 {[%emt 0:00:06]} 17. dxc5 {[%emt 0:01:11]} c6 {[%emt 0:00:07]} 18. b4 {[%emt 0:00:09]} Ra8 {[%emt 0:00:05]} 19. Nd4 {[%emt 0:00:14]} a6 {[%emt 0:00:06]} 20. Bd3 {[%emt 0:00:12]} Re8 {[%emt 0:00:12]} 21. Rc3 {[%emt 0:00:16]} Ng6 {[%emt 0:00:22]} 22. Bxg6 {[%emt 0:01:08]} fxg6 {[%emt 0:00:02]} 23. a4 {[%emt 0:00:17]} Re5 {[%emt 0:00:16]} 24. Rb1 {[%emt 0:00:20]} Ree8 {[%emt 0:00:57]} 25. Rcc1 {[%emt 0:00:14]} Re4 {[%emt 0:00:24]} 26. h3 {[%emt 0:01:06]} g5 {[%emt 0:00:39]} 27. b5 {[%emt 0:00:12]} axb5 {[%emt 0:00:06]} 28. axb5 {[%emt 0:00:01]} cxb5 {[%emt 0:01:25]} 29. Nxb5 {[%emt 0:00:06]} Bxb5 {[%emt 0:00:03]} 30. Rxb5 {[%emt 0:00:03]} Ra7 {[%emt 0:00:01]} 31. Rd1 {[%emt 0:00:35]} Re5 {[%emt 0:00:06]} 32. Rb6 {[%emt 0:02:19]} Rf5 {[%emt 0:00:08]} 33. Rdb1 {[%emt 0:01:08]} Rf7 {[%emt 0:00:11]} 34. Rd6 {[%emt 0:00:06]} Ra2 {[%emt 0:00:12]} 35. f3 {[%emt 0:00:33]} Rd2 {[%emt 0:00:13]} 36. e4 {[%emt 0:00:36]} Rc7 {[%emt 0:00:20]} 37. Rxd5 {[%emt 0:00:32]} Rxd5 {[%emt 0:00:04]} 38. exd5 {[%emt 0:00:01]} Rxc5 {[%emt 0:00:01]} 39. Rxb7 {[%emt 0:00:27]} Rxd5 {[%emt 0:00:02]} 40. Re7 {[%emt 0:00:12]} 1/2-1/2